| 000 | 00908cam a22002771 4500 | ||
|---|---|---|---|
| 999 |
_c13078 _d13078 |
||
| 001 | 4531635 | ||
| 003 | EG-ScBUE | ||
| 005 | 20210116143459.0 | ||
| 008 | 730522t19631910nyub f 000 1 eng d | ||
| 040 |
_aDLC _beng _erda _cDLC _dDLC _dEG-ScBUE |
||
| 082 | 0 | 4 |
_a813.54 _bMIC _222 |
| 100 | 1 |
_aMichener, James A. _q(James Albert), _d1907-1997, _eauthor. _910135 |
|
| 245 | 1 | 0 |
_aCaravans : _ba novel / _cby James A. Michener. |
| 264 | 1 |
_aNew York : _bRandom House, _c[1963] |
|
| 264 | 4 | _cc1963 | |
| 300 |
_a341 pages : _bmap (on lining papers) ; _c22 cm |
||
| 336 |
_2rdacontent _atext _btxt |
||
| 337 |
_2rdamedia _aunmediated _bn |
||
| 338 |
_2rdacarrier _avolume _bnc |
||
| 650 | 7 |
_aAmericans _zAfghanistan _xFiction. _2BUEsh _910136 |
|
| 651 | 7 |
_aAfghanistan _xFiction. _2BUEsh _910137 |
|
| 653 |
_bHHUUEENN _cJanuary2021 |
||
| 655 |
_vReading book _934232 |
||
| 942 |
_2ddc _cBB |
||